<?xml version="1.0" encoding="UTF-8"?>
<record
    xmlns:xsi="http://www.w3.org/2001/XMLSchema-instance"
    xsi:schemaLocation="http://www.loc.gov/MARC21/slim http://www.loc.gov/standards/marcxml/schema/MARC21slim.xsd"
    xmlns="http://www.loc.gov/MARC21/slim">

  <leader>00653nam a22001937a 4500</leader>
  <controlfield tag="003">OSt</controlfield>
  <controlfield tag="005">20150408114054.0</controlfield>
  <controlfield tag="008">120730s2010    ua a   g b    000 0 ara d</controlfield>
  <datafield tag="020" ind1=" " ind2=" ">
    <subfield code="a">9789773163324</subfield>
  </datafield>
  <datafield tag="040" ind1=" " ind2=" ">
    <subfield code="a">MU</subfield>
  </datafield>
  <datafield tag="082" ind1=" " ind2=" ">
    <subfield code="2">21</subfield>
    <subfield code="a">372.218</subfield>
    <subfield code="b">&#x645; &#x639; &#x625;</subfield>
  </datafield>
  <datafield tag="100" ind1=" " ind2=" ">
    <subfield code="a">&#x645;&#x635;&#x637;&#x641;&#x649;&#x60C; &#x639;&#x632;&#x629; &#x62C;&#x644;&#x627;&#x644;.</subfield>
    <subfield code="9">16753</subfield>
  </datafield>
  <datafield tag="245" ind1=" " ind2=" ">
    <subfield code="a"> &#x625;&#x62F;&#x627;&#x631;&#x629; &#x627;&#x644;&#x62A;&#x637;&#x648;&#x64A;&#x631; &#x628;&#x631;&#x64A;&#x627;&#x636; &#x627;&#x644;&#x623;&#x637;&#x641;&#x627;&#x644; :</subfield>
    <subfield code="b"> &#x646;&#x645;&#x627;&#x630;&#x62C; &#x639;&#x631;&#x628;&#x64A;&#x629; &#x648;&#x639;&#x627;&#x644;&#x645;&#x64A;&#x629; /</subfield>
    <subfield code="c">&#x639;&#x632;&#x629; &#x62C;&#x644;&#x627;&#x644; &#x645;&#x635;&#x637;&#x641;&#x649;.</subfield>
  </datafield>
  <datafield tag="300" ind1=" " ind2=" ">
    <subfield code="a">160 &#x635;. :</subfield>
    <subfield code="b">&#x625;&#x64A;&#x636;. &#x61B;</subfield>
    <subfield code="c">24 &#x633;&#x645;.</subfield>
  </datafield>
  <datafield tag="504" ind1=" " ind2=" ">
    <subfield code="a">&#x628;&#x628;&#x644;&#x64A;&#x648;&#x62C;&#x631;&#x627;&#x641;&#x64A;&#x629; : &#x635;. 149-156.</subfield>
  </datafield>
  <datafield tag="650" ind1=" " ind2=" ">
    <subfield code="a">&#x631;&#x64A;&#x627;&#x636; &#x627;&#x644;&#x623;&#x637;&#x641;&#x627;&#x644;.</subfield>
  </datafield>
  <datafield tag="650" ind1=" " ind2=" ">
    <subfield code="a">&#x62A;&#x639;&#x644;&#x64A;&#x645; &#x627;&#x644;&#x623;&#x637;&#x641;&#x627;&#x644;.</subfield>
    <subfield code="9">12721</subfield>
  </datafield>
  <datafield tag="942" ind1=" " ind2=" ">
    <subfield code="2">ddc</subfield>
    <subfield code="c">DVD</subfield>
  </datafield>
  <datafield tag="999" ind1=" " ind2=" ">
    <subfield code="c">25334</subfield>
    <subfield code="d">259834</subfield>
  </datafield>
  <datafield tag="952" ind1=" " ind2=" ">
    <subfield code="1">0</subfield>
    <subfield code="2">2013-03-10</subfield>
    <subfield code="4">0</subfield>
    <subfield code="7">0</subfield>
    <subfield code="a">372.218 &#x645; &#x639; &#x625;</subfield>
    <subfield code="c">&#x646;.1</subfield>
    <subfield code="d">2012-07-30</subfield>
    <subfield code="h">CL</subfield>
    <subfield code="i">00108876</subfield>
    <subfield code="m">CL</subfield>
    <subfield code="r">2013-03-10 00:00:00</subfield>
    <subfield code="t">BOOK</subfield>
    <subfield code="w">ddc</subfield>
    <subfield code="y">0</subfield>
  </datafield>
  <datafield tag="952" ind1=" " ind2=" ">
    <subfield code="1">0</subfield>
    <subfield code="2">2013-03-10</subfield>
    <subfield code="4">0</subfield>
    <subfield code="7">0</subfield>
    <subfield code="a">372.218 &#x645; &#x639; &#x625;</subfield>
    <subfield code="c">&#x646;.2</subfield>
    <subfield code="d">2012-07-30</subfield>
    <subfield code="h">CL</subfield>
    <subfield code="i">00108875</subfield>
    <subfield code="m">CL</subfield>
    <subfield code="r">2013-03-10 00:00:00</subfield>
    <subfield code="t">BOOK</subfield>
    <subfield code="w">ddc</subfield>
    <subfield code="y">0</subfield>
  </datafield>
  <datafield tag="952" ind1=" " ind2=" ">
    <subfield code="1">0</subfield>
    <subfield code="2">2013-03-10</subfield>
    <subfield code="4">0</subfield>
    <subfield code="7">0</subfield>
    <subfield code="a">372.218 &#x645; &#x639; &#x625;</subfield>
    <subfield code="c">&#x646;.3</subfield>
    <subfield code="d">2012-07-30</subfield>
    <subfield code="h">CL</subfield>
    <subfield code="i">00108874</subfield>
    <subfield code="m">CL</subfield>
    <subfield code="r">2013-03-10 00:00:00</subfield>
    <subfield code="t">BOOK</subfield>
    <subfield code="w">ddc</subfield>
    <subfield code="y">0</subfield>
  </datafield>
</record>
